000 00523nam a2200193Ia 4500
005 20250326141739.0
008 250326s9999 xx 000 0 und d
020 _a92-2-106713-0
037 _aTextbook
040 _aFMSL
_beng
_cFMSL
041 _aeng
_2eng
084 _aX:991:(Y31).4 M9
_qFMSL
100 _aMuqtada M
_9237102
245 0 _aElusive target
_cMuqtada M
260 _aNew Delhi
_bNew Delhi, ILO
_c1989
300 _a247p
942 _cTB
_hX:991:(Y31).4 M9
999 _c1291779
_d1291779